000
00210nam a22000857a 4500
001
1235216
005
20250930112612.0
245
_a
İNANMAK VE BİLMEK
_c
BRIGITTE LABBE
260
_b
GÜNIŞIĞI KİTAPLIĞI YAYINLARI
999
_c
1235216
_d
1235216